9 Fictional British Characters Quiz Stats

 Plays Quiz Updated Jan 30, 2018

Challenge
Share
Tweet
Score 0/9 Timer 01:00
1 Play Today
% Correct
Ebenezer Scrooge
97.2%
Alice
97%
Matilda Wormwood
96.2%
Miss Marple
95.9%
Hermione Granger
95.9%
Long John Silver
95.7%
Dr. Jekyll (and Mr. Hyde)
93.4%
Adrian Mole
92.4%
Robinson Crusoe
90%

You're not logged in!

Compare scores with friends on all Sporcle quizzes.
Join for Free
OR
Log In

You Might Also Like...

Show Comments

Extras

Top Quizzes Today


Score Distribution

Your Account Isn't Verified!

In order to create a playlist on Sporcle, you need to verify the email address you used during registration. Go to your Sporcle Settings to finish the process.

Report this User

Report this user for behavior that violates our Community Guidelines.

Details: